| 000 | 00656nam a22002057a 4500 | ||
|---|---|---|---|
| 003 | PILC | ||
| 005 | 20150528152336.0 | ||
| 008 | 150528b xxu||||| |||| 00| 0 eng d | ||
| 020 | _a9789810109769 | ||
| 050 |
_aQA 135.5 _b.K45m5a 2009 |
||
| 100 |
_aKheong, Fong Ho., Soon, Gan Kee., Ramakrishnan Chelvi _921896 |
||
| 245 | _aMy Pals are Here! :Math 5A Workbook | ||
| 250 | _a2nd Ed. | ||
| 260 |
_bMarshall Cavendish Education, _c2009. _aSingapore : |
||
| 300 |
_a178 p. : _c26 cm. _bcol. ill. ; |
||
| 440 |
_aMy pals are here! _921897 |
||
| 650 |
_aMath _921898 |
||
| 942 |
_2lcc _cBK _hQA 135.5 .K45m5a 2009 |
||
| 999 |
_c117875 _d117875 |
||